Mastering Web Development with Microsoft Visual Studio 2005 / (Record no. 26372)
[ view plain ]
| 000 -LEADER | |
|---|---|
| fixed length control field | 01076cam a22002775a 4500 |
| 001 - CONTROL NUMBER | |
| control field | 14496639 |
| 005 - DATE AND TIME OF LATEST TRANSACTION | |
| control field | 20180320152218.0 |
| 008 - FIXED-LENGTH DATA ELEMENTS--GENERAL INFORMATION | |
| fixed length control field | 060812t2005 caua frb 001 0 eng d |
| 020 ## - INTERNATIONAL STANDARD BOOK NUMBER | |
| International Standard Book Number | 078214439X |
| 020 ## - INTERNATIONAL STANDARD BOOK NUMBER | |
| International Standard Book Number | 9780782144390 |
| 040 ## - CATALOGING SOURCE | |
| Original cataloging agency | UKM |
| Language of cataloging | eng |
| Transcribing agency | UKM |
| Modifying agency | BAKER |
| -- | UtOrBLW |
| -- | DLC |
| -- | EG-ScBUE |
| 082 04 - DEWEY DECIMAL CLASSIFICATION NUMBER | |
| Classification number | 005.276 |
| Edition number | 22 |
| Item number | MUE |
| 100 1# - MAIN ENTRY--PERSONAL NAME | |
| Personal name | Mueller, John, |
| Dates associated with a name | 1958- |
| 245 10 - TITLE STATEMENT | |
| Title | Mastering Web Development with Microsoft Visual Studio 2005 / |
| Statement of responsibility, etc | John Paul Mueller. |
| 246 30 - VARYING FORM OF TITLE | |
| Title proper/short title | Web development with Microsoft Visual Studio 2005 |
| 260 ## - PUBLICATION, DISTRIBUTION, ETC. (IMPRINT) | |
| Place of publication, distribution, etc | Indianapolis : |
| Name of publisher, distributor, etc | Wiley Publishing, |
| Date of publication, distribution, etc | c.2005. |
| 300 ## - PHYSICAL DESCRIPTION | |
| Extent | xxvi, 822 p. : |
| Other physical details | ill. ; |
| Dimensions | 23 cm. |
| 504 ## - BIBLIOGRAPHY, ETC. NOTE | |
| Bibliography, etc | Includes bibliographical references and index. |
| 630 07 - SUBJECT ADDED ENTRY--UNIFORM TITLE | |
| Uniform title | Microsoft Visual studio. |
| 9 (RLIN) | 4597 |
| 650 #7 - SUBJECT ADDED ENTRY--TOPICAL TERM | |
| Topical term or geographic name as entry element | Web site development. |
| Source of heading or term | BUEsh |
| 9 (RLIN) | 11303 |
| 651 ## - SUBJECT ADDED ENTRY--GEOGRAPHIC NAME | |
| Source of heading or term | BUEsh |
| 653 ## - INDEX TERM--UNCONTROLLED | |
| Resource For college | Informatics and Computer Science |
| Arrived date list | March2018 |
| 856 42 - ELECTRONIC LOCATION AND ACCESS | |
| Materials specified | Contributor biographical information |
| Uniform Resource Identifier | <a href="http://www.loc.gov/catdir/enhancements/fy0653/2006280394-b.html">http://www.loc.gov/catdir/enhancements/fy0653/2006280394-b.html</a> |
| 856 42 - ELECTRONIC LOCATION AND ACCESS | |
| Materials specified | Publisher description |
| Uniform Resource Identifier | <a href="http://www.loc.gov/catdir/enhancements/fy0653/2006280394-d.html">http://www.loc.gov/catdir/enhancements/fy0653/2006280394-d.html</a> |
| 942 ## - ADDED ENTRY ELEMENTS (KOHA) | |
| Source of classification or shelving scheme | Dewey Decimal Classification |
| Withdrawn status | Item status | Source of classification or shelving scheme | Damaged status | Not for loan | Home library | Current library | Shelving location | Date acquired | Total Checkouts | Full call number | Barcode | Date last seen | Koha item type |
|---|---|---|---|---|---|---|---|---|---|---|---|---|---|
| Dewey Decimal Classification | Central Library | Central Library | Lower Floor | 20/03/2018 | 005.276 MUE | 000047474 | 15/07/2025 | Book - Borrowing |